000 00578nam a2200229Ia 4500
003 OSt
005 20221007111216.0
006 a|||||r|||| 00| 0
007 ta
008 221006b |||||||| |||| 00| 0 eng d
024 _a22,899
037 _cTextual
040 _aLCO
_cLCO
_beng
041 _2eng
_aeng
082 _aZ2,4, L8
100 _aBangia R.K.
_9439545
245 0 _aLaw of Torts
260 _aAllahabad
_bAllahabad Law Agency India
_c1978
650 _aTORT
_9690780
942 _hZ2,4, L8
_cTEXL
999 _c1192462
_d1192462